Catalog

Record Details

Catalog Search



New Frontiers in Lifestyle-Related Diseases Cover Image E-book E-book

New Frontiers in Lifestyle-Related Diseases [electronic resource] / edited by Akira Miyazaki, Michio Imawari.

Miyazaki, Akira. (editor.). Imawari, Michio. (editor.). SpringerLink (Online service) (Added Author).

Record details

  • ISBN: 9784431764281
  • Physical Description: online resource.
  • Publisher: Tokyo : Springer Japan, 2008.
Subject: Medicine.
Endocrinology.
Biochemistry.
Medicine & Public Health.
Medical Biochemistry.
Endocrinology.

Electronic resources


LDR 01317nam a22003855i 4500
00129601
003CONS
00520131218215718.0
007cr nn 008mamaa
008100301s2008 ja | s |||| 0|eng d
020 . ‡a9784431764281 ‡9978-4-431-76428-1
0247 . ‡a10.1007/978-4-431-76428-1 ‡2doi
035 . ‡a(DE-He213)978-4-431-76428-1
050 4. ‡aRB112.5
072 7. ‡aPSB ‡2bicssc
072 7. ‡aMED008000 ‡2bisacsh
1001 . ‡aMiyazaki, Akira. ‡eeditor.
24510. ‡aNew Frontiers in Lifestyle-Related Diseases ‡h[electronic resource] / ‡cedited by Akira Miyazaki, Michio Imawari.
264 1. ‡aTokyo : ‡bSpringer Japan, ‡c2008.
300 . ‡bonline resource.
336 . ‡atext ‡btxt ‡2rdacontent
337 . ‡acomputer ‡bc ‡2rdamedia
338 . ‡aonline resource ‡bcr ‡2rdacarrier
347 . ‡atext file ‡bPDF ‡2rda
650 0. ‡aMedicine.
650 0. ‡aEndocrinology.
650 0. ‡aBiochemistry.
65014. ‡aMedicine & Public Health.
65024. ‡aMedical Biochemistry.
65024. ‡aEndocrinology.
7001 . ‡aImawari, Michio. ‡eeditor.
7102 . ‡aSpringerLink (Online service)
7730 . ‡tSpringer eBooks
77608. ‡iPrinted edition: ‡z9784431764274
85640. ‡uhttp://biblioteca.ipicyt.edu.mx:2048/login?url=http://dx.doi.org/10.1007/978-4-431-76428-1 ‡yTexto completo ‡9CONS
950 . ‡aMedicine (Springer-11650)
901 . ‡a29601 ‡b ‡c29601 ‡tbiblio ‡sSystem Local

Additional Resources